Responses for Show #474 - Thursday, October 2, 1986

Contestants

[<< previous game]

John Waukechon, a teacher originally from Lafayette, Indiana

Carl Brady, a U.S. Navy flight officer originally from Pittsburgh, Pennsylvania

Anne Summers, a housewife originally from Calgary, Canada (whose 1-day cash winnings total $7,000)

[next game >>]

Jeopardy! Round responses

BOOKS & AUTHORS
TRIVIA
VIRGINIA
THE CALENDAR
SILLY SONGS
"GIVE" & "TAKE"
    $100 1
Prizzi's Honor

John
    $100 8
clockwise

Anne
    $100 21
(Carl: Who is Austin?)
...
(Alex: We've got a minute to go in this round.)

(Sam) Houston

CarlJohn
    $100 2
(Anne: What was, uh, uh, spring?)

daylight saving time

Anne
Triple Stumper
    $100 15
"Ko-Ko-Bop"

Triple Stumper
    $100 3
takeoff

John
    $200 9
Dr. Conan Doyle

Anne
    $200 11
Antarctica

Carl
    $200 22
(Carl: Who is Lincoln?)

Thomas Jefferson

Carl
Triple Stumper
    $200 16
(Anne: What is 2?)
(John: What is 4?)

3

AnneJohn
Triple Stumper
    $200 4
your given name

Carl
    $300 10
QB VII

Carl
    $300 12
Ringo Starr

Anne
    $300 23
(Anne: Who is Daniel Webster?)

Patrick Henry

AnneCarl
    $300 17
(John: What are June and January?)
...
(Alex: [*] are named for Aphrodite, Maia and Juno.)

(2 of) April, May & June

John
Triple Stumper
    $300 5
give them away

Anne
    $400 13
(Anne: What is a pen?)

an umbrella

Anne
Triple Stumper
    $400 19
(Anne: What is the New York Fair?)
(Alex: Be more specific.)
(Anne: Uh, what is the New York Fair and Exposition?)

the New York World's Fair

AnneCarl
    $200 24
(Carl: I have no idea, Alex.)
...
[The end-of-round signal sounds.]

Warren Beatty & Shirley MacLaine

Carl
    $400 18
the Julian calendar

Anne
    $400 6
take home pay

Carl
    $500 14
John Updike

John
    $500 20
automobiles

Triple Stumper
    $500 7
a takeout double

Triple Stumper

Scores at the first commercial break (after clue 13):

Anne Carl John
$400 $1,100 $200

Scores at the end of the Jeopardy! Round:

Anne Carl John
-$100 $1,300 $300

Double Jeopardy! Round responses

THE MILITARY
SPAIN
HISTORIC NAMES
WEATHER
ACTORS & ROLES
IN OTHER WORDS...
    $200 2
the U.S. Marines

Carl
    $200 22
mayonnaise

John
    $200 16
Mussolini

Carl
    $200 21
summer

Anne
    $200 1
(Alex: The play was by Noël Coward.)

Elizabeth Taylor

Carl
    $200 7
bad news travels fast

Anne
    $400 3
the Soviet Union

Carl
    $400 23
the Prado

John
    $400 17
Gandhi

Carl
    $400 12
No

John
    $400 8
fighting fire with fire

Carl
    $600 4
the United States Air Force

Carl
    $300 24
(Alex: [Prior to the wager] We've got less than a minute to go in the round.)
...
(John: What is Seville?)

Granada

John
    $600 18
Bismarck

Anne
    $600 13
his nose

Anne
    $600 9
(Alex: You're right, and I don't know why I did a Scottish accent on...)
[Laughter]

Pardon me, boy, but is that the Chattanooga Choo Choo

Carl
    $1,000 5
Secretaries of Defense

Carl
    $800 25
[The end-of-rounds signal sounds.]

Barcelona

Triple Stumper
    $800 19
(Giuseppe) Garibaldi

Anne
    $800 14
Ethel, John & Lionel

Anne
    $800 10
rain, rain, go away, please come again another day

Carl
    $1000 6
(Carl: What are...)
(Alex: Wait, you have to ring in first.)
...
[Laughter]
(Alex: Carl got carried away and John jumped in.)

rear admirals

John
    $1000 20
Cuba

Carl
    $1000 15
Bela Lugosi

John
    $1000 11
(Carl: What is man gives and God takes away?)

man proposes, God disposes

AnneCarl

Scores at the end of the Double Jeopardy! Round:

Anne Carl John
$4,100 $6,100 $3,000

[wagering suggestions for these scores]

Final Jeopardy! Round responses

THE UNITED NATIONS
JohnWhat was Paris?
$3,000
AnneWhat was San Francisco?
$0
CarlWhat is The Hague
$100
San Francisco

Final scores:

Anne Carl John
$4,100 $6,000 $0
2nd place: trip on Eastern to the Caribbean & stay at the Bahamas Princess Resort & Casino New champion: $6,000 3rd place: Frigidaire washer & dryer

Game dynamics:

Coryat scores:

Anne Carl John
$4,100 $6,100 $3,300
12 R,
5 W
17 R
(including 1 DD),
4 W
(including 1 DD)
9 R,
3 W
(including 1 DD)

Combined Coryat: $13,500

[game clues] [game scores] [suggest correction]

Game tape date: 1986-08-13
The J! Archive is created by fans, for fans. Scraping, republication, monetization, and malicious use prohibited; this site may use cookies and collect identifying information. See terms. The Jeopardy! game show and all elements thereof, including but not limited to copyright and trademark thereto, are the property of Jeopardy Productions, Inc. and are protected under law. This website is not affiliated with, sponsored by, or operated by Jeopardy Productions, Inc. Join the discussion at JBoard.tv.